00499nam a2200193 a 4500001001300000003000900013005001700022008004100039020000900080082001800089100001700107245006100124260002900185300001000214500003500224505001000259650001900269700001700288nice12345678IN_TiNIC20260116011330.0050524s1960 leia grp 000 0 eng  ac9000a297.1226bRAH aRahbar, Daud aGod of Justiceb Study of the Ethical Doctrine of Qur`an aLeidenbE.J. Brillc1960 a446p. aincludes index and biblioraphy2 aindex aQuran-Theology1 aRahbar, Daud